Geotechnical earthquake engineering
Sparad:
| Huvudupphovsman: | |
|---|---|
| Materialtyp: | Bok |
| Språk: | engelska |
| Publicerad: |
Berlín
Springer
2008
|
| Upplaga: | 1a. ed |
| Serie: | Springer Series in Geomechanics and Geoengineering
|
| Ämnen: | |
| Taggar: |
Lägg till en tagg
Inga taggar, Lägg till första taggen!
|
MARC
| LEADER | 00000nam a2200000 a 4500 | ||
|---|---|---|---|
| 001 | UCH9929 | ||
| 003 | CL-VaPUC | ||
| 008 | 100304e20080000GW |||||||||||||||||eng|d | ||
| 020 | |a 9783540357827 | ||
| 082 | 0 | 4 | |a 624.1762 |b TOW |2 21 |
| 100 | 0 | |a Towhata, Ikuo |e author |9 547234 | |
| 245 | 1 | 0 | |a Geotechnical earthquake engineering |
| 250 | |a 1a. ed | ||
| 300 | |a 676 p | ||
| 942 | |c BK | ||
| 945 | |d 20100304 00:00:00 |a cmena | ||
| 260 | |a Berlín |b Springer |c 2008 | ||
| 650 | 7 | |a INGENIERIA DE TERREMOTOS |2 CL-VaPUC |9 547235 | |
| 650 | 7 | |a INGENIERIA GEOTECNICA |2 CL-VaPUC |9 547236 | |
| 650 | 7 | |a DINAMICA DE ESTRUCTURAS |2 CL-VaPUC |9 547237 | |
| 650 | 0 | |a Diseño estructural |9 498280 | |
| 650 | 0 | |a Propiedades del suelo |9 350106 | |
| 650 | 0 | |a Mecánica de suelos |9 260278 | |
| 583 | |a last modification |c 20100304 00:00:00 |k Rodrigo Vera | ||
| 490 | 0 | |a Springer Series in Geomechanics and Geoengineering | |
| 999 | |c 339753 |d 339751 | ||
| 952 | |0 0 |1 0 |4 0 |6 624_176200000000000_TOW_2008 |7 0 |8 A |9 433594 |a BIBING |b BIBING |d 2019-11-22 |i 4649680 |o 624.1762 TOW 2008 |p 4649680 |r 2025-01-20 |w 2019-11-22 |y BK |k CIC | ||
| 952 | |0 0 |1 0 |4 0 |6 624_176200000000000_TOW_2008 |7 0 |8 A |9 433595 |a BIBING |b BIBING |d 2019-11-22 |i 4649672 |o 624.1762 TOW 2008 |p 4649672 |r 2025-01-20 |w 2019-11-22 |y BK |k CIC | ||